00432nam a2200193Ia 4500008004000000020001800040041000800058082001600066100000800082245004000090260003200130300001100162650001100173650001600184650001100200650000900211650000900220700000900229210210b2021 xxu||||| |||| 00| 0 eng d a9789385888830 aeng a332.02 LALU aLAL aUpkars bank PO/MT: preliminary exam aAgrabUpkar Prakashanc2021 aiv,248 aUpkars apreliminary aPO/MT: aexam abank aJAIN